000 02061nam a2200469 c 4500
003 BLK
005 20180420215344.0
008 180413b bul|||||r ||||||| ||bul||
010 _aKNG00020471000
020 _a978-954-8406-06-2
_bиздат.: Бълг. червен кръст
040 _aBLK
041 _aBUL
_cBUL
072 7 _2bullib
_aН35
_xОбществено управление. Военни науки Н
080 _aВоенна история - Военни походи, битки, героични подвизи. Вж и 93/99
_b355.48
_x(45)(093.3)
_z355.48(45)(093.3)
080 _aПърва помощ при нещастни случаи. Организация на бърза помощ - Организационни мероприятия. Доброволна помощ. Червен кръст, червен полумесец. Средства за оказване на първа помощ, апаратура за реан
_b614.88
_x(091)
_z614.88(091)
100 1 _aДюнан, Анри
_eпърви автор
_9262815
139 _aДюнан, Анри
_bД 98
245 1 0 _aСпомен от Солферино
_cАнри Дюнан.
250 _a2. изд.
257 _aFRA
260 София
_bБълг. червен кръст
_c2009
_fСофия : Ракурс
300 _a64 с.
_c21 см
380 _a9
500 _aБез сведение за ориг. загл. - 1. изд. 1988.
650 4 _aВоенна история - Европа
_9262816
650 4 _aЧервен кръст - история
_9262817
650 4 _aСражения
_9171805
651 4 _aСолферино
_9179571
651 4 _aИталия
_9178965
653 _aСолферино
653 _aбитки
653 _aсражения
653 _aвоенна история
653 _aЧервен кръст
653 _aспомени
659 _aН
852 _aЦб 251323
856 4 _qpdf
_u
856 4 _qpdf
_u
942 _cKNG
_n0
944 _aCR
_c24.03.2011
_lф /
_kМилена_Ачева
944 _aED
_c16.08.2011
_lф /
_k
999 _c18420
_d18420